Las 12 Tribus de Israel - Estadísticas

Estadísticas generales
  • Esta prueba ha sido intentada 883 veces
  • La puntuación promedio es 7 de 12
Estadísticas de respuestas
Tribu % Correcto
José
76%
Judá
74%
Benjamín
71%
Leví
66%
Rubén
57%
Dan
51%
Neftalí
48%
Simeón
48%
Gad
44%
Zabulón
43%
Isacar
41%
Aser
39%
No se encontraron pruebas coincidentes
Distribución de puntuación
Porcentaje de gente con cada puntuación
Porcentaje por número respondido
Historial de tus puntuaciones
No has intentado esta prueba.